Dynamics (Record no. 4185)

MARC details
005 - DATE AND TIME OF LATEST TRANSACTION
control field 20250623121957.0
020 ## - INTERNATIONAL STANDARD BOOK NUMBER
International Standard Book Number 0-471-03587-4
082 ## - DEWEY DECIMAL CLASSIFICATION NUMBER
Classification number LM 620.104 GIN
100 ## - MAIN ENTRY--PERSONAL NAME
Author name GINSBERG, J. H.
245 ## - TITLE STATEMENT
Title Dynamics
260 ## - PUBLICATION, DISTRIBUTION, ETC.
Place of publication, distribution, etc. New York,
Name of publisher, distributor, etc. John Wiley & Sons,
Date of publication, distribution, etc. 1977.
300 ## - PHYSICAL DESCRIPTION
Extent xi, 558p.: ill.; figure.
Other physical details Index
Dimensions 23cm.
700 ## - ADDED ENTRY--PERSONAL NAME
Other authors/Editors GENIN, J.
942 ## - ADDED ENTRY ELEMENTS (KOHA)
Source of classification or shelving scheme Dewey Decimal Classification
Koha item type Books
Holdings
Date last seen Total checkouts Full call number Barcode Cost, replacement price Price effective from Koha item type Lost status Source of classification or shelving scheme Damaged status Not for loan Withdrawn status Home library Current library Shelving location Date acquired Cost, normal purchase price
06/17/2025   LM 620.104 GIN 00000010862 30000.00 06/17/2025 Books   Dewey Decimal Classification       College of Business Education Main Library College of Business Education Main Library General Collection 10/09/1979 10000.00
06/17/2025   LM 620.104 GIN 00000010863 30000.00 06/17/2025 Books   Dewey Decimal Classification       College of Business Education Main Library College of Business Education Main Library General Collection 10/09/1979 10000.00